00510 2200205 4500001002100000005001500021035002000036007000300056008004100059020002200100082001000122084001600132100002200148245004600170260003200216300002200248650001000270990001200280990001200292INLIS00000000000140520180131033636 a0010-0118000223ta180131 g 0 ind  a978-602-1695-13-5 a808.8 a808.8 IMA m0 aIMAZAHRA, Fatimah1 aMy Wedding Story /cImazahra Fatimah, dkk aJakarta :bSalsabila,c2014 a218 hlm. ;c21 cm aROMAN a16377 a a16377 b